000 00556nam a2200193Ia 4500
005 20260114185841.0
008 008 260114s9999 xx 000 0 eng d
020 _a9780755604159
037 _aEBOOK
040 _aCRL
_beng
_cCRL
041 _aeng
_2eng
084 _qCRL
100 _aClaudia Mesch and Viola Michely
_9875174
245 0 _aJoseph Beuys The Reader
260 _bBloomsbury
_c2007
856 _uhttps://doi.org/10.5040/9780755604159?locatt=label:secondary_bloomsburyCollections
942 _cEBOOK
999 _c1474108
_d1474108